Normal view
MARC view
- Belausteguigoitia, Marisa
Entry Nombre Personal
001 - NUMERO DE CONTROL
- campo de control: 48592
003 - IDENTIFICADOR DE NUMERO DE CONTROL
- campo de control: DLC
005 - FECHA Y HORA DE LA ÜLTIMA TRANSACCIÓN
- campo de control: 20230328104704.0
008 - DATOS DE LONGITUD FIJA
- campo de control de longitud fija: 010208n| acannaabn |a aaa
010 ## - NÚMERO DE CONTROL DE LA BIBLIOTECA DEL CONGRESO
- Número de control LC: n 2001098785
- Número de Control LC Cancelado/inválido: no2005057791
040 ## - FUENTE DE CATALOGACIÓN
- Agencia original de catalogación: DLC
- Lenguaje de catalogación: spa
- Agencia de transcripción: DLC
- Agencia que lo modifica: DLC
- Agencia que lo modifica: MX-MxUPN
100 1# - ENCABEZAMIENTO - NOMBRE PERSONAL
- Nombre personal: Belausteguigoitia, Marisa
400 1# - VEÁSE - NOMBRE DE PERSONA
- Personal name: Belausteguigoitia Rius, María Isabel
400 1# - VEÁSE - NOMBRE DE PERSONA
- Personal name: Belausteguigoitia Rius, Marisa
670 ## - FUENTE EN LA QUE SE LOCALIZARON DATOS
- Cita de la fuente: Géneros prófugos, 1999:
- Información localizada: portada (Marisa Belausteguigoitia)
670 ## - FUENTE EN LA QUE SE LOCALIZARON DATOS
- Cita de la fuente: Fronteras, violencia, justicia, 2007:
- Información localizada: portada (Marisa Belausteguigoitia) solapa (Dra. María Isabel Belausteguigoitia Rius) p. 209 (Marisa Belausteguigoitia Rius; dr. en estudios culturales, Univ. of Calif., Berkeley; mastra en teoría psiconalítica, lic. en pedagogía.; profesora en la Facultad de Filosofía y Letras, UNAM; dir., Prog. Universitario de Estudios de Género, UNAM)
670 ## - FUENTE EN LA QUE SE LOCALIZARON DATOS
- Cita de la fuente: Anti-manual de la lengua española para un lenguaje no sexista, 2022:
- Información localizada: portada (Marisa Belausteguigoitia Rius)
902 ## - CATALOGADOR
- Catalogador: Víctor Ruiz/280323
